000 00740cab a2200193 4500
001 WB2618-40
008 090401t1990 xxu||||| |||| 00| 0 eng d
035 _a(Sirsi) u52175
041 _aeng
245 _aColony boosts property sector
260 _c1990
350 _a0
490 _aGuardian
_v8/5/90 p4
520 _aProperty agents have been quick to capitalise on the controversial Hong Kong Nationality Bill by trying to match the depressed British market to Hong Kong `s captive audience. Would-be immigrants could score 50 points towards the maximum 800 needed for the right to emigrate to Britain if they have property interests here.
650 _aIMMIGRATION
690 _aOVERSEAS
942 _n0
948 _c04/03/1997
999 _c32368
_d32368